00901 a2200169 4500003000500000005001700005040000900022082001100031100002400042245004600066260003200112300001500144505050300159538002900662600002400691650001600715Nust20170207153414.0 cNust a355.05 aGeneral Staff India aThe Mahratta and Pindari warbPindari war aIndiabMonotype pressc1910 aiv,126 p.; aIndia in 1817 (Page-1), The Opposing Forces (Page-9), The Theater of Operations (Page-15), The Opening of the Campaign (Page-19), Events at Poona (Page-25), Events at Nagpur (Page-31), Dispersal of the Pindaris (Page-39), Hostilities With Holkar (Page-47), Pursuit of Baji Rao (Page-55), Operations Against the Pindaris (Page-61), Continued Pursuit of the Peshwa, Baji Rao (Page-69), The Southern Mahratta Country (Page-81), Operation In the Kokan and Khandesh (Page-87), End of The War (Page-103), aAlmirah No.53 Shelf No.5 aGeneral Staff India aPindari war